000 00589nam a2200205 u 4500
005 20220622063633.0
008 140922s2005 ag r 000 0 spa d
020 _a9872209448
035 _aUPN01000199708
049 _aI
050 4 _aPZ74.7
_bF5.2
100 1 _aFlores, Leonardo,
_d1974-
_936589
245 1 0 _aAnimaladas /
_cLeonardo Flores ; il. Rebeca Luciani.
260 _aBuenos Aires :
_bPequeño,
_c2005.
300 _a[24] p. :
_bil. col.
440 0 _aCuadriños
650 4 _aHUMORISMO INFANTIL
_915728
650 0 _aAnimales
_vCuentos y leyendas
_9234
905 _aInfantil
999 _c171809
_d171809